Statistics for Flags of Countries/Territories Beginning with B

Click here to take the quiz!

General Stats

  • This quiz has been taken 29 times
  • The average score is 16 of 19

Answer Stats

Answer% Correct
Bahrain
97%
Bangladesh
97%
Bahamas
93%
Barbados
93%
Belgium
93%
Bhutan
93%
Brazil
93%
Burundi
93%
Belarus
90%
Belize
90%
Bosnia and Herzegovina
90%
Brunei
90%
Bulgaria
90%
Botswana
86%
Burkina Faso
86%
Benin
83%
Bolivia
83%
Bermuda (UK)
62%
British Virgin Islands
48%

Score Distribution

Percentile by Number Answered

Percent of People with Each Score

Your Score History

You have not taken this quiz